Capitales de los Países más Grandes por Área - Estadísticas

Estadísticas generales
  • Esta prueba ha sido intentada 6.433 veces
  • La puntuación promedio es 13 de 20
Estadísticas de respuestas
País Capital % Correcto
Rusia Moscú
96%
China Pekín
93%
Estados Unidos Washington D.C.
93%
Brasil Brasilia
91%
Argentina Buenos Aires
87%
Canadá Ottawa
87%
India Nueva Delhi
80%
Australia Canberra
78%
México Ciudad de México
77%
Argelia Argel
58%
Perú Lima
51%
Mongolia Ulán Bator
51%
Indonesia Yakarta
51%
Kazajistán Nur-Sultán
47%
Arabia Saudita Riad
47%
Irán Teherán
46%
R.D. Congo Kinsasa
40%
Libia Trípoli
36%
Sudán Jartum
28%
Chad Yamena
18%
No se encontraron pruebas coincidentes
Distribución de puntuación
Porcentaje de gente con cada puntuación
Porcentaje por número respondido
Historial de tus puntuaciones
No has intentado esta prueba.